[Event "Penang op-B 11th"]
[Site "Penang"]
[Date "2019.12.11"]
[Round "4"]
[White "Wirawan, Nadya Deandra"]
[Black "Doan, Thi Van Anh"]
[Result "0-1"]
[WhiteElo "1495"]
[BlackElo "1996"]
[PlyCount "82"]
[EventDate "2019.12.09"]
[EventType "swiss"]
[EventRounds "9"]
[EventCountry "MAS"]
[SourceTitle "CBM 193 Extra"]
[Source "ChessBase"]
[SourceDate "2020.01.31"]
[SourceVersion "1"]
[SourceVersionDate "2020.01.31"]
[SourceQuality "1"]

1. e4 e5 2. Nf3 Nf6 3. Nxe5 d6 4. Nf3 Nxe4 5. d4 d5 6. Bd3 Bd6 7. 0-0 0-0 8. Re1 Re8 9. c4 c6 10. Qc2 f5 11. c5 Bc7 12. Nc3 Nd7 13. b4 Ndf6 14. h3 a6 15. a4 Be6 16. Ng5 Nxg5 17. Bxg5 h6 18. Bd2 Ne4 19. Ne2 Qh4 20. Bxe4 fxe4 21. Qc3 Rf8 22. Qe3 Rf6 23. Rf1 Raf8 24. Ra3 Rf3 25. gxf3 Rxf3 26. Qxf3 exf3 27. Rxf3 Bxh3 28. Rxh3 Qxh3 29. f4 Qd3 30. Re1 Qxd2 31. Kf1 Bxf4 32. Nxf4 Qxf4+ 33. Ke2 Qxd4 34. b5 Qxa4 35. bxa6 bxa6 36. Rc1 Qe4+ 37. Kd2 d4 38. Re1 Qf4+ 39. Kd1 d3 40. Re8+ Kf7 41. Re1 Qf2 0-1